00318nam a2200133Ia 4500008004100000100001200041245002600053250001200079260005000091300000800141650001300149942000700162999001500169190216s9999||||xx |||||||||||||| ||und|| aA.Vinod 0aInternational Finance a1st Ed. bCalicut University Central Co-Operativec2000 a286 aCommerce cBK c8306d8306